000 00626nam a2200193Ii 4500
003 JO-AjNU
008 230605s9999||||xx |||||||||||||| ||und||
040 _aJO-AjNU
_bara
_erda
_cJO-AjNU
041 _aara
050 1 4 _aPJ7852.A54 A15 1960
100 3 _aتاليف محفوظ، نجيب 1900-2009,
_eauthor
_920857
245 0 0 _aهمس الجنون
264 3 1 _aالفجالة: مكتبة مصر، 1960
300 _a315ص
336 _atext
_btxt
_2rdacontent
337 _aunmediated
_bn
_2rdamedia
338 _avolume
_bnc
_2rdacarrier
650 4 _aالقصص العربية القصيرة - مصر - قرن 20
_920858
999 _aA7147
_c10715
_d10715